Các vụ án lớn trong lịch sử cổ đại Việt Nam
v...v
Đã lưu trong:
| Tác giả chính: | |
|---|---|
| Định dạng: | Sách |
| Ngôn ngữ: | Vietnamese |
| Năm xuất bản: |
H.
Văn hóa
1999
|
| Chủ đề: | |
| Tags: |
Thêm thẻ
Không có thẻ, Hãy là người đầu tiên gắn thẻ bản ghi này!
|
| LEADER | 00972nam a2200277 a 4500 | ||
|---|---|---|---|
| 001 | vtls000002582 | ||
| 003 | VRT | ||
| 005 | 20161007152216.0 | ||
| 008 | 041025 2000 vm g 000 vie d | ||
| 039 | 9 | |a 201211301057 |b Hanh |c 201211301054 |d Hanh |c 200812221408 |d quynh |c 200804211400 |d quynh | |
| 040 | |a TVTTHCM |e AACR2. | ||
| 082 | 0 | 4 | |a 959.7 |b PH104M |
| 100 | 1 | |a Phạm Minh Thảo | |
| 245 | 1 | 0 | |a Các vụ án lớn trong lịch sử cổ đại Việt Nam |c Phạm Minh Thảo |
| 260 | |a H. |c 1999 |b Văn hóa | ||
| 300 | |a 269 tr. |c 19 cm | ||
| 520 | |a v...v | ||
| 653 | |a Lich sử | ||
| 653 | |a Việt Nam | ||
| 653 | |a Truyện vụ án | ||
| 653 | |a Truyện lịch sử | ||
| 700 | 0 | |a Phạm Minh Thảo | |
| 942 | |2 ddc |c SH | ||
| 949 | |6 100001132 | ||
| 999 | |c 3187 |d 3187 | ||
| 952 | |0 0 |1 0 |2 ddc |4 0 |6 959_700000000000000_PH104M |7 0 |8 900 |9 35451 |a qbu |b qbu |c D5 |d 2014-12-15 |g 34500 |l 2 |m 1 |o 959.7 PH104M |p 4204.C1 |r 2019-01-10 |s 2018-12-26 |w 2014-12-15 |y SH |0 0 |6 959_700000000000000_PH104M | ||